000 00728cam a22002531 4500
001 30501
005 20230404130051.0
008 010706s2000 cu a 000 0 spa
035 _9(DLC) 59045634
035 _a7017006
010 _a 59045634
020 _a9591306148
035 _a(OCoLC)7258750
040 _aDLC
_cFTS
_dDLC
043 _anwcu---
050 1 4 _a107 ND 303
_bP438c 2000
100 1 _aPérez Cisneros, Guy
245 1 0 _aCaracterísticas de la evolución de la pintura en Cuba :
_bedición crítica /
_cGuy Pérez Cisneros
260 _aHabana :
_bEditorial y Educación,
_c2000.
300 _a101 p.
_billus.
_c20 cm.
650 0 _aPainting
_zCuba.
942 _2lcc
_cbk
985 _eOCLC REPLACEMENT
999 _c10325
_d10325